| 000 | 01005 a2200205 4500 | ||
|---|---|---|---|
| 001 | 53851 | ||
| 005 | 20260407155809.0 | ||
| 008 | 260407a1999 arg spa d | ||
| 003 | AR-UNSa-BCEJYS | ||
| 040 |
_aAR-UNSa-BCEJYS _bspa _cAR-UNSa-BCEJYS |
||
| 080 |
_a330(8) _xEconomía de América del Sur. Estados y Regiones de América del Sur. América Latina. Iberoamérica |
||
| 245 | 1 | 0 |
_aLa política, la economía y el hombre _pFundamentos para construir una sociedad antropocéntrica |
| 020 | _a950-33-0220-X | ||
| 264 | 1 |
_aCórdoba : _bUniversidad Nacional de Córdoba _c1999 |
|
| 300 |
_a175 p., _c23 cm. |
||
| 505 | _a1. Bases para una economía antropocéntrica - 2. El papel del Municipio en un mundo cambiante - 3. El mercosur y la integración regional - 4. Temas de política económica y social -5. Globalización y pobreza en américa Latina - 6. Economía solidaria y equilibrio ecológico | ||
| 942 | _cBK | ||
| 590 | _aniveau_biblio:m niveau_hierar:0 | ||
| 100 | 1 | _aDi Marco, Luis Eugenio | |
| 999 |
_c5266 _d5266 |
||